[Event "Offene Hessische Senioren Einzelmeisters"]
[Site "Bad Sooden- Allendorf"]
[Date "2013.04.27"]
[Round "8.11"]
[White "Haase, Wolfgang"]
[Black "Liebert, Heinz"]
[Result "1/2-1/2"]
[WhiteElo "1991"]
[BlackElo "2098"]
[PlyCount "41"]
[EventDate "2013.??.??"]
[WhiteTeam "SV CAISSA e. V. Kassel"]
[BlackTeam "USV Volksbank Halle"]

1. e4 c5 2. c3 Nf6 3. e5 Nd5 4. d4 cxd4 5. Nf3 Nc6 6. cxd4 d6 7. Nc3 dxe5 8.
dxe5 Be6 9. Bb5 Nxc3 10. Bxc6+ bxc6 11. Qxd8+ Rxd8 12. bxc3 Bc4 13. Nd2 Bd3 14.
Ba3 e6 15. Bxf8 Rxf8 16. O-O-O f6 17. exf6 gxf6 18. Rhe1 Kf7 19. Ne4 Bxe4 20.
Rxe4 Rxd1+ 21. Kxd1 1/2-1/2

[Event "Offene Hessische Senioren Einzelmeisters"]
[Site "Bad Sooden- Allendorf"]
[Date "2013.04.27"]
[Round "8.12"]
[White "Romanow, Werner"]
[Black "Hassenrück, Helmut"]
[Result "0-1"]
[WhiteElo "1972"]
[BlackElo "2084"]
[PlyCount "110"]
[EventDate "2013.??.??"]
[WhiteTeam "SV Merseburg"]
[BlackTeam "SG-Gladbeck 19/2"]

1. c4 Nf6 2. Nf3 e6 3. g3 d5 4. Bg2 dxc4 5. Qa4+ c6 6. Qxc4 b5 7. Qc2 Bb7 8.
O-O Nbd7 9. b3 c5 10. Bb2 Be7 11. d3 O-O 12. Nbd2 Rc8 13. Rac1 Qc7 14. Qb1 Qb8
15. Qa1 Rfd8 16. Ne5 Bxg2 17. Kxg2 Qb7+ 18. Kg1 Nb6 19. Ndf3 Nfd5 20. h3 f6 21.
Ng4 e5 22. Nd2 h5 23. Nh2 h4 24. Ng4 Nd7 25. Nf3 hxg3 26. fxg3 Nf8 27. Nh4 Ne6
28. Nf5 Nd4 29. Bxd4 exd4 30. Nxe7+ Qxe7 31. Qb2 Qe6 32. Rf3 f5 33. Nh2 Re8 34.
Re1 Qg6 35. Kh1 Qh5 36. g4 Qh4 37. Rg1 f4 38. Qd2 Re3 39. Rgf1 Rce8 40. R1f2
Qe7 41. Qa5 Qb7 42. Nf1 R3e6 43. Kh2 Nc3 44. Qa3 b4 45. Qc1 g5 46. Nd2 Rxe2 47.
Ne4 Rxf2+ 48. Rxf2 Nxe4 49. dxe4 Qb5 50. h4 Rxe4 51. hxg5 Qd3 52. Qc4+ Qxc4 53.
bxc4 d3 54. Kg2 Rxc4 55. Kf3 Rd4 0-1

[Event "Offene Hessische Senioren Einzelmeisters"]
[Site "Bad Sooden- Allendorf"]
[Date "2013.04.27"]
[Round "8.13"]
[White "Knaak, Joachim"]
[Black "Kopp, Peter"]
[Result "1-0"]
[WhiteElo "2085"]
[BlackElo "1964"]
[PlyCount "89"]
[EventDate "2013.??.??"]
[WhiteTeam "SV Dresden-Leuben"]
[BlackTeam "SV 1920 Hofheim"]

1. d4 Nf6 2. c4 g6 3. Nc3 Bg7 4. e4 d6 5. f3 O-O 6. Be3 Nc6 7. Nge2 a6 8. Rc1
Rb8 9. Qd2 b5 10. cxb5 axb5 11. Nxb5 Rxb5 12. Rxc6 Bd7 13. Rc2 Qa8 14. Nc3 Rb7
15. Bc4 c6 16. O-O Qa5 17. Bb3 Rc8 18. Rfc1 e6 19. d5 exd5 20. Nxd5 Qxd2 21.
Nxf6+ Bxf6 22. Rxd2 c5 23. Rxd6 Bxb2 24. Rxc5 Rxc5 25. Bxc5 Rc7 26. Bb6 Rc1+
27. Rd1 Rxd1+ 28. Bxd1 Ba3 29. Kf2 Kf8 30. Ke3 Ke7 31. Bb3 h5 32. g3 g5 33. Kd3
h4 34. Be3 f6 35. gxh4 gxh4 36. f4 Bg4 37. Bf2 h3 38. Bh4 Bc5 39. e5 Bf5+ 40.
Kc3 Bg1 41. exf6+ Kf8 42. Bg5 Bg6 43. Bh6+ Ke8 44. f5 Bf7 45. Bf4 1-0

[Event "Offene Hessische Senioren Einzelmeisters"]
[Site "Bad Sooden- Allendorf"]
[Date "2013.04.27"]
[Round "8.14"]
[White "Biller, Dr. Helmut"]
[Black "van Geffen, Ben"]
[Result "1/2-1/2"]
[WhiteElo "1959"]
[BlackElo "2061"]
[PlyCount "32"]
[EventDate "2013.??.??"]
[WhiteTeam "Sfr. Frankfurt 1921"]
[BlackTeam "Messemaker 1847"]

1. d4 d6 2. c4 e5 3. Nf3 e4 4. Nfd2 f5 5. Nc3 Nf6 6. e3 c6 7. Be2 g6 8. O-O Bg7
9. b4 O-O 10. a4 Nbd7 11. Ba3 Re8 12. Qc2 a5 13. bxa5 Nf8 14. Qb3 Rxa5 15. c5+
d5 16. Qb2 N6d7 1/2-1/2

[Event "Offene Hessische Senioren Einzelmeisters"]
[Site "Bad Sooden- Allendorf"]
[Date "2013.04.27"]
[Round "8.15"]
[White "Franck, Rudolf"]
[Black "Kempen, Willi"]
[Result "1/2-1/2"]
[WhiteElo "2057"]
[BlackElo "1888"]
[PlyCount "61"]
[EventDate "2013.??.??"]
[WhiteTeam "SC 1875 Ellwangen"]
[BlackTeam "Rheydter SV 1920"]

1. d4 d5 2. c4 e6 3. Bf4 Bd6 4. Bxd6 cxd6 5. cxd5 Qa5+ 6. Nc3 exd5 7. Qb3 Nf6
8. e3 O-O 9. Qb5 Nc6 10. a3 a6 11. Qb3 Re8 12. Be2 b5 13. Rc1 Bb7 14. Nf3 Rac8
15. O-O Ne7 16. a4 b4 17. Na2 Rxc1 18. Rxc1 Nc6 19. Bf1 Nd7 20. Bd3 Nb6 21. Bc2
g6 22. Ra1 Nc4 23. Bd3 Nb6 24. Nc1 Ne7 25. Nd2 Rc8 26. Qd1 Nc4 27. Ndb3 Qc7 28.
Qe2 a5 29. Na2 Qb6 30. Rc1 Bc6 31. Bxc4 1/2-1/2

[Event "Offene Hessische Senioren Einzelmeisters"]
[Site "Bad Sooden- Allendorf"]
[Date "2013.04.27"]
[Round "8.16"]
[White "Essegern, Dr. Kurt"]
[Black "Lenk, Wolfgang"]
[Result "1/2-1/2"]
[WhiteElo "1952"]
[BlackElo "2054"]
[PlyCount "28"]
[EventDate "2013.??.??"]
[WhiteTeam "Randspringer Bad Salzungen"]
[BlackTeam "USV TU Dresden"]

1. e4 d6 2. d4 Nf6 3. Nc3 g6 4. f4 c6 5. Nf3 Bg7 6. Bd3 O-O 7. O-O Qb6 8. Na4
Qa5 9. c4 b5 10. cxb5 cxb5 11. Nc3 b4 12. Ne2 Bb7 13. e5 Ne4 14. Be3 Nd7
1/2-1/2

[Event "Offene Hessische Senioren Einzelmeisters"]
[Site "Bad Sooden- Allendorf"]
[Date "2013.04.27"]
[Round "8.18"]
[White "Pape, Manfred"]
[Black "Schumacher, Helmut"]
[Result "1/2-1/2"]
[WhiteElo "2040"]
[BlackElo "1902"]
[Annotator ",Microsoft"]
[PlyCount "132"]
[EventDate "2013.??.??"]
[WhiteTeam "SK Bad Harzburg"]
[BlackTeam "DJK Aufwärts St. Josef Aachen 19"]

1. d4 d5 2. Nf3 c6 3. g3 Bf5 4. Bg2 e6 5. O-O h6 6. c4 Nf6 7. Nc3 Be7 8. Qb3
Qb6 9. c5 Qxb3 10. axb3 Nbd7 11. b4 Ne4 12. Nxe4 Bxe4 13. Bd2 O-O 14. Rfc1 a6
15. Bc3 Rac8 16. Bh3 Bh7 17. Nd2 Nf6 18. Re1 Ne4 19. Nf1 Ng5 20. Bg2 f5 21. f3
Bf6 22. h4 Nf7 23. f4 g5 24. hxg5 hxg5 25. e3 Bg6 26. Nd2 g4 $11 27. Nb3 Rc7
28. Kf2 Nd8 29. Rh1 Rh7 30. Rxh7 Kxh7 31. Bf1 Be8 32. Na5 Rf7 33. Ke1 Kg6 34.
Kf2 Rh7 35. Be1 Rh2+ 36. Bg2 Rh7 37. Kg1 Rc7 38. Bf1 Rh7 39. Kg2 Rc7 40. Be2
Rh7 41. Nb3 Bd7 42. Nc1 Bc8 43. Nd3 Nf7 44. Nf2 Nh6 45. Bd3 Bd8 46. Bc3 Rg7 47.
Rh1 Rh7 48. Kf1 Kg7 49. Ke2 Rh8 50. Ra1 Ng8 51. Kf1 Nf6 52. Kg2 Kf7 53. Bc2 Ke7
54. Bd3 Rh7 55. Be1 Rg7 56. Nd1 Ne4 57. Bc3 Rh7 58. b3 Rh3 59. Be1 Bc7 60. Nb2
Rh8 61. Bxe4 fxe4 62. Nd1 Kf6 63. Ra2 Bd7 64. Bc3 Kf5 65. Kg1 Be8 66. Kg2 Rh7
1/2-1/2

[Event "Offene Hessische Senioren Einzelmeisters"]
[Site "Bad Sooden- Allendorf"]
[Date "2013.04.27"]
[Round "8.19"]
[White "Weyrauch, Erich"]
[Black "Krotofil, Kurt"]
[Result "1-0"]
[WhiteElo "2026"]
[BlackElo "1834"]
[PlyCount "123"]
[EventDate "2013.??.??"]
[WhiteTeam "SV Letmathe 1933 e.V."]
[BlackTeam "Niendorfer TSV 1919 SAbt"]

1. e4 c5 2. Nf3 Nc6 3. Nc3 Nf6 4. d4 cxd4 5. Nxd4 e5 6. Ndb5 d6 7. Bg5 a6 8.
Na3 b5 9. Bxf6 gxf6 10. Nd5 f5 11. Bxb5 axb5 12. Nxb5 Ra4 13. b4 Bh6 14. c3 Ra6
15. Qh5 Qg5 16. Nxd6+ Kd7 17. Qxg5 Bxg5 18. Nxf7 Rg8 19. b5 Ra3 20. bxc6+ Kxc6
21. Nxe5+ Kc5 22. Nd3+ Kd6 23. O-O fxe4 24. N3b4 Bh6 25. Rfe1 Bh3 26. g3 Bf5
27. Ne3 Be6 28. Rac1 Bg7 29. Nd1 Bf5 30. Kg2 Rc8 31. Ne3 Be6 32. Red1+ Kc5 33.
Nbd5 Rxa2 34. Nf4 Bb3 35. Rd7 Be5 36. Rxh7 Bxf4 37. Rh5+ Kc6 38. gxf4 Rf8 39.
Kg3 Ra7 40. Rg5 Rh7 41. h4 Rfh8 42. Rh1 Bf7 43. Nf5 Bh5 44. Nd4+ Kc7 45. Ra1
Kd6 46. Ra6+ Kc7 47. Ra7+ Kb6 48. Rxh7 Rxh7 49. f5 Be8 50. Kg4 Kc5 51. Rg8 Bh5+
52. Kg5 Bf7 53. Rg6 Kd5 54. h5 Kc4 55. Rc6+ Kd5 56. h6 Be8 57. Rg6 Kc4 58. Rg7
Rxg7+ 59. hxg7 Bf7 60. Kf6 Bg8 61. Ke5 Kd3 62. f6 1-0

[Event "Offene Hessische Senioren Einzelmeisters"]
[Site "Bad Sooden- Allendorf"]
[Date "2013.04.27"]
[Round "8.20"]
[White "Stimpel, Franz"]
[Black "Kotlar, Alfred"]
[Result "1/2-1/2"]
[WhiteElo "2015"]
[BlackElo "1898"]
[PlyCount "55"]
[EventDate "2013.??.??"]
[WhiteTeam "Wiesbadener SV 1885"]
[BlackTeam "SK Recklinghausen Altsta"]

1. d4 d5 2. c4 c6 3. Nf3 Nf6 4. Nc3 e6 5. e3 Bd6 6. Qc2 Nbd7 7. b3 O-O 8. Be2
Re8 9. O-O Nf8 10. Bb2 Ng6 11. Rfd1 Qc7 12. Rac1 Qe7 13. Bf1 a6 14. c5 Bc7 15.
b4 e5 16. dxe5 Nxe5 17. Ne2 Neg4 18. Bxf6 Nxf6 19. Ng3 g6 20. Bd3 Qf8 21. Qc3
Qg7 22. Re1 Bxg3 23. hxg3 Ne4 24. Qxg7+ Kxg7 25. Nd4 f5 26. a4 Bd7 27. Rc2 Rab8
28. Ne6+ 1/2-1/2

[Event "Offene Hessische Senioren Einzelmeisters"]
[Site "Bad Sooden- Allendorf"]
[Date "2013.04.27"]
[Round "8.21"]
[White "Peleikis, Horst"]
[Black "Oud, Niek"]
[Result "0-1"]
[WhiteElo "1879"]
[BlackElo "1992"]
[PlyCount "84"]
[EventDate "2013.??.??"]
[WhiteTeam "SK Lister Turm"]
[BlackTeam "VAS"]

1. Nf3 d5 2. g3 c5 3. Bg2 Nc6 4. O-O e5 5. d3 Be7 6. Nbd2 Nf6 7. e4 d4 8. Nc4
Qc7 9. a4 O-O 10. h3 Be6 11. b3 Rab8 12. Ng5 Bd7 13. f4 h6 14. Nf3 Nh5 15.
Nfxe5 Nxg3 16. Nxd7 Qxd7 17. Rf3 Nh5 18. Rf2 g6 19. f5 Kh7 20. Qg4 Rbd8 21. Bd2
Bd6 22. Raf1 Qe7 23. fxg6+ fxg6 24. Rxf8 Rxf8 25. Rxf8 Qxf8 26. Qd7+ Be7 27.
Qxb7 Nb4 28. Ne5 Ng7 29. c3 dxc3 30. Bxc3 Bh4 31. Nf3 Be7 32. Qd7 a6 33. Nh2
Bg5 34. Ng4 h5 35. Nh2 Be3+ 36. Kh1 Nc2 37. Be5 Nd4 38. Qb7 Nde6 39. Nf3 Nd4
40. Bxg7 Qxg7 41. Qd5 Nxf3 42. Bxf3 Qa1+ 0-1

[Event "Offene Hessische Senioren Einzelmeisters"]
[Site "Bad Sooden- Allendorf"]
[Date "2013.04.27"]
[Round "8.22"]
[White "Jürgens, Peter"]
[Black "Hunold, Rolf"]
[Result "1/2-1/2"]
[WhiteElo "1832"]
[BlackElo "1974"]
[PlyCount "116"]
[EventDate "2013.??.??"]
[WhiteTeam "SC Tempo Göttingen"]
[BlackTeam "SV Letmathe 1933 e.V."]

1. d4 Nf6 2. Nf3 g6 3. Bf4 d6 4. e3 Nh5 5. Bg5 Bg7 6. Be2 Nd7 7. O-O O-O 8. c3
c6 9. Nbd2 Nhf6 10. h3 a6 11. a4 b6 12. Bf4 c5 13. Qc2 Bb7 14. Rfd1 Rc8 15. Qb3
Rc7 16. c4 cxd4 17. exd4 Qa8 18. d5 Rfc8 19. Bf1 Nc5 20. Qa3 a5 21. Be3 Nfd7
22. Nd4 Ba6 23. Rab1 e6 24. dxe6 fxe6 25. b3 e5 26. Nb5 Bxb5 27. axb5 Bf8 28.
Qa2 Nf6 29. Bxc5 Rxc5 30. Re1 R5c7 31. Bd3 Rd8 32. Ne4 Nh5 33. Nc3 Qb8 34. Nd5
Rf7 35. Re2 Nf4 36. Nxf4 Rxf4 37. Be4 Qc7 38. Qd2 Qc5 39. Qd5+ Qxd5 40. Bxd5+
Kg7 41. Re4 Be7 42. Rbe1 Rdf8 43. Rxf4 Rxf4 44. Re4 Kf6 45. Kf1 Kf5 46. f3 Rxe4
47. Bxe4+ Kf4 48. Ke2 Bh4 49. Bd5 Bg3 50. Bc6 Bh2 51. Bd5 Bg1 52. Be4 Bd4 53.
Bd5 Kg3 54. Kf1 g5 55. Bc6 h5 56. Bd5 Kf4 57. Ke2 h4 58. Bc6 Bc5 1/2-1/2

[Event "Offene Hessische Senioren Einzelmeisters"]
[Site "Bad Sooden- Allendorf"]
[Date "2013.04.27"]
[Round "8.23"]
[White "Garms, Ilse"]
[Black "Arp, Frans"]
[Result "0-1"]
[WhiteElo "1551"]
[BlackElo "1970"]
[Annotator ",Microsoft"]
[PlyCount "79"]
[EventDate "2013.??.??"]
[WhiteTeam "Brandenburger LSSV"]
[BlackTeam "Haarlem"]

1. d4 Nf6 2. Nf3 g6 3. c4 Bg7 4. Nc3 O-O 5. e4 d6 6. h3 e5 7. Bg5 h6 8. Bh4 g5
9. Bg3 Nh5 10. Bh2 Nf4 11. d5 f5 12. Qc2 Na6 13. a3 fxe4 14. Nxe4 Bf5 15. Bxf4
exf4 16. Bd3 Re8 17. O-O Bxe4 18. Bxe4 Nc5 19. Bh7+ Kh8 20. Rae1 Qf6 21. b4 Nd7
22. Bd3 Ne5 23. Nxe5 Rxe5 24. Re2 f3 25. Re3 fxg2 26. Kxg2 Rf8 27. Qe2 Qf4 28.
Re4 Rfe8 29. f3 h5 30. Qf2 Rxe4 31. fxe4 Be5 32. Qxf4 Bxf4 33. h4 $11 Rg8 34.
hxg5 Rxg5+ 35. Kf2 h4 36. Rh1 Kg7 37. Kf3 Bg3 38. Ke3 Rh5 39. Bf1 Rg5 40. Bh3 {
Rest nicht rekonstruierbar} 0-1

[Event "Offene Hessische Senioren Einzelmeisters"]
[Site "Bad Sooden- Allendorf"]
[Date "2013.04.27"]
[Round "8.24"]
[White "Heinzel, Peter"]
[Black "Rürup, Hans-Heinz"]
[Result "1-0"]
[WhiteElo "1970"]
[BlackElo "1825"]
[PlyCount "41"]
[EventDate "2013.??.??"]
[WhiteTeam "SC Mülheim 08/25 e.V."]
[BlackTeam "SV Bad Oeynhausen"]

1. b4 e5 2. Bb2 f6 3. e4 Bxb4 4. Bc4 Ne7 5. f4 exf4 6. Nh3 d5 7. exd5 Bd6 8.
O-O Bxh3 9. Qh5+ g6 10. Qxh3 Nd7 11. Nc3 c6 12. Rab1 Nb6 13. Bb3 Nexd5 14.
Rbe1+ Kf7 15. Qe6+ Kg7 16. Ne4 Be7 17. Ng5 Bc5+ 18. d4 Bb4 19. Qf7+ Kh6 20. Ne6
Qg8 21. Rf3 1-0

[Event "Offene Hessische Senioren Einzelmeisters"]
[Site "Bad Sooden- Allendorf"]
[Date "2013.04.27"]
[Round "8.25"]
[White "Nietsch, Horst"]
[Black "Petzold, Dr. Hans"]
[Result "1/2-1/2"]
[WhiteElo "1719"]
[BlackElo "1964"]
[PlyCount "54"]
[EventDate "2013.??.??"]
[WhiteTeam "SG Weißensee 49 e.V."]
[BlackTeam "USV TU Dresden"]

1. Nf3 e6 2. g3 f5 3. Bg2 Nf6 4. c4 Nc6 5. O-O b6 6. d3 Bb7 7. Nc3 Be7 8. a3
O-O 9. b4 Qe8 10. b5 Nd8 11. a4 Qh5 12. h3 Nf7 13. e3 g5 14. Nh2 Bxg2 15. Qxh5
Nxh5 16. Kxg2 Ne5 17. Rd1 f4 18. exf4 gxf4 19. Ba3 Bxa3 20. Rxa3 Rf7 21. Ne4
Raf8 22. Ra2 Rg7 23. Rc2 d5 24. cxd5 exd5 25. d4 Nc4 26. Ng4 fxg3 27. fxg3 Rxg4
1/2-1/2

[Event "Offene Hessische Senioren Einzelmeisters"]
[Site "Bad Sooden- Allendorf"]
[Date "2013.04.27"]
[Round "8.26"]
[White "Rychlik, Kurt"]
[Black "Scheide, Helmut"]
[Result "1-0"]
[WhiteElo "1970"]
[BlackElo "1824"]
[PlyCount "71"]
[EventDate "2013.??.??"]
[WhiteTeam "SV Berenbostel"]
[BlackTeam "USV Potsdam e.V., Abt. Schach"]

1. d4 Nf6 2. Nf3 d5 3. Bf4 e6 4. e3 c5 5. c3 Nc6 6. Nbd2 Be7 7. h3 O-O 8. Bd3
Qb6 9. Rb1 h6 10. O-O Bd7 11. Re1 Rfe8 12. g4 Nh7 13. Kg2 f5 14. gxf5 exf5 15.
Rg1 Kh8 16. Kh1 cxd4 17. exd4 Qd8 18. Qc2 Rf8 19. Rg2 Rc8 20. Qd1 Be8 21. Qg1
Nf6 22. Rxg7 Nh5 23. Bxh6 Rf6 24. Rg8+ Kh7 25. Bf4 Rg6 26. Rxg6 Bxg6 27. Bg5
Qd6 28. Bxe7 Nxe7 29. Ne5 Rg8 30. Qg5 Be8 31. Bxf5+ Kh8 32. Ng6+ Rxg6 33. Qxh5+
Kg7 34. Bxg6 Bxg6 35. Rg1 Qf4 36. Qe5+ 1-0

[Event "Offene Hessische Senioren Einzelmeisters"]
[Site "Bad Sooden- Allendorf"]
[Date "2013.04.27"]
[Round "8.27"]
[White "Rüberg, Jobst"]
[Black "Schneider, Miloca"]
[Result "1-0"]
[WhiteElo "2068"]
[BlackElo "1799"]
[PlyCount "55"]
[EventDate "2013.??.??"]
[WhiteTeam "SV Ahlen 1954 e.V."]
[BlackTeam "SG Witten"]

1. e4 c6 2. c4 e5 3. Nf3 d6 4. d4 exd4 5. Qxd4 c5 6. Qd1 Bg4 7. Nc3 Nd7 8. Be2
Ngf6 9. Bf4 Bxf3 10. Bxf3 Ne5 11. O-O Be7 12. Be2 O-O 13. Qd2 a6 14. Rab1 Qd7
15. h3 Rfd8 16. Bg5 Ne8 17. Nd5 Bxg5 18. Qxg5 f6 19. Qg3 Rab8 20. f4 Nc6 21.
Rbe1 b5 22. b3 Nd4 23. Bh5 Kh8 24. Qh4 Kg8 25. e5 g6 26. exf6 gxh5 27. Qg5+ Kh8
28. Ne7 1-0

[Event "Offene Hessische Senioren Einzelmeisters"]
[Site "Bad Sooden- Allendorf"]
[Date "2013.04.27"]
[Round "8.28"]
[White "Türtmann, Dieter"]
[Black "Gerhardt, Peter-Michael"]
[Result "0-1"]
[WhiteElo "1797"]
[BlackElo "1975"]
[PlyCount "60"]
[EventDate "2013.??.??"]
[WhiteTeam "ESV 1949 Eberswalde e.V."]
[BlackTeam "SC Vahr"]

1. e4 g6 2. Nc3 Bg7 3. d3 d6 4. Nge2 Nf6 5. g3 O-O 6. Bg2 c5 7. a4 Nc6 8. O-O
Bd7 9. h3 a6 10. Be3 Ne8 11. Qd2 Nc7 12. d4 cxd4 13. Nxd4 Ne5 14. b3 Ne6 15.
Nxe6 Bxe6 16. Rac1 Bxh3 17. Nd5 Bxg2 18. Kxg2 Nd7 19. Bh6 e6 20. Rh1 g5 21.
Bxg7 Kxg7 22. Qd4+ f6 23. Ne3 Qb6 24. Qd1 Qc6 25. Qg4 Ne5 26. Qxe6 Qxe4+ 27.
Kh3 g4+ 28. Nxg4 Rae8 29. Nxf6 Qxh1+ 30. Rxh1 Rxe6 0-1

[Event "Offene Hessische Senioren Einzelmeisters"]
[Site "Bad Sooden- Allendorf"]
[Date "2013.04.27"]
[Round "8.29"]
[White "Schneider, Alexander"]
[Black "Merettig, Georg"]
[Result "1-0"]
[WhiteElo "1974"]
[BlackElo "1727"]
[PlyCount "86"]
[EventDate "2013.??.??"]
[WhiteTeam "Wilhelmshavener SC von 1887 e. V"]
[BlackTeam "SV Caissa Wolfenbüttel"]

1. d4 Nc6 2. Nf3 e6 3. Bf4 Nf6 4. h3 Bd6 5. Bxd6 cxd6 6. Nc3 O-O 7. e4 a6 8. d5
Ne5 9. Qd4 b5 10. O-O-O Nxf3 11. gxf3 e5 12. Qe3 Qa5 13. Kb1 Bb7 14. Rg1 Ne8
15. Bd3 b4 16. Ne2 Qc5 17. Rg2 Qxe3 18. fxe3 a5 19. Bb5 Nf6 20. Ng3 Ba6 21. Ba4
Rad8 22. Nf5 Ne8 23. Nxg7 Nxg7 24. Rdg1 Kh8 25. Rxg7 Be2 26. R1g3 f5 27. exf5
Rxf5 28. Bxd7 Rxf3 29. Be6 Rxg3 30. Rxg3 h5 31. a3 Rf8 32. axb4 axb4 33. Ka2
Bc4+ 34. b3 Bb5 35. Rg5 Be8 36. Kb2 Kh7 37. Rf5 Kg7 38. Rxf8 Kxf8 39. c3 bxc3+
40. Kxc3 h4 41. Kb4 Ke7 42. Ka5 Kd8 43. Kb6 Bg6 1-0

[Event "Offene Hessische Senioren Einzelmeisters"]
[Site "Bad Sooden- Allendorf"]
[Date "2013.04.27"]
[Round "8.30"]
[White "Noordijk, Ed"]
[Black "Limberg, Siegfried"]
[Result "0-1"]
[WhiteElo "1782"]
[BlackElo "1970"]
[PlyCount "114"]
[EventDate "2013.??.??"]
[WhiteTeam "S.C. Oegstgeest '80"]
[BlackTeam "Sfr. Taunus Königstein/Schwalbac"]

1. Nf3 c5 2. d3 Nc6 3. e4 g6 4. Nbd2 Bg7 5. Be2 d6 6. c3 Nf6 7. Qc2 O-O 8. O-O
Bd7 9. b3 Rc8 10. Bb2 b5 11. Rac1 e5 12. Rfd1 Nh5 13. Nf1 b4 14. Qd2 Nf4 15.
Ne3 Bh6 16. Qe1 bxc3 17. Bxc3 Nd4 18. Bxd4 exd4 19. Nc4 Nxe2+ 20. Qxe2 Bxc1 21.
Rxc1 Be6 22. Qd2 Kg7 23. Qf4 Bxc4 24. Rxc4 Qf6 25. Qg3 h6 26. h3 Rfe8 27. Ra4
Qe7 28. Ra6 Rcd8 29. Nh4 Kh7 30. f4 Qb7 31. Ra4 Rg8 32. Nf3 Qe7 33. Ra6 Rd7 34.
Nd2 g5 35. f5 Qe5 36. Qxe5 dxe5 37. Rc6 Kg7 38. Rxc5 f6 39. Nc4 h5 40. g3 Re8
41. Rc6 Rb8 42. Kf2 h4 43. g4 Rbb7 44. Rc5 Rbc7 45. Ra5 Rc6 46. Ke2 Kf7 47. Kd2
Ke7 48. Kc2 a6 49. Kd2 Rb7 50. Rd5 Rb5 51. Kc2 Rxd5 52. exd5 Rc5 53. d6+ Kd7
54. Kb2 a5 55. Ka3 Kc6 56. Ka4 e4 57. dxe4 d3 0-1

[Event "Offene Hessische Senioren Einzelmeisters"]
[Site "Bad Sooden- Allendorf"]
[Date "2013.04.27"]
[Round "8.31"]
[White "Fritsch, Dr. Jürgen"]
[Black "Krebs, Dietmar"]
[Result "0-1"]
[WhiteElo "1779"]
[BlackElo "1960"]
[PlyCount "56"]
[EventDate "2013.??.??"]
[WhiteTeam "SK Lister Turm"]
[BlackTeam "Kölner SK Dr. Lasker 186"]

1. d4 Nf6 2. Nf3 c5 3. d5 e6 4. Nc3 d6 5. e4 exd5 6. exd5 g6 7. Bg5 Be7 8. Qd2
O-O 9. O-O-O a6 10. h4 h5 11. Bh6 Re8 12. Ng5 Ng4 13. Nf3 Nxh6 14. Qxh6 Bf8 15.
Qf4 Bf5 16. Bd3 Bxd3 17. Rxd3 f5 18. Rh3 Nd7 19. Rg3 Qf6 20. Rd1 b5 21. Qg5 Kf7
22. Qxf6+ Kxf6 23. Ng5 Bh6 24. f4 Bxg5 25. hxg5+ Kf7 26. Kd2 Nb6 27. b3 b4 28.
Ne2 Nxd5 0-1

[Event "Offene Hessische Senioren Einzelmeisters"]
[Site "Bad Sooden- Allendorf"]
[Date "2013.04.27"]
[Round "8.32"]
[White "Thielemann, Joachim"]
[Black "Reinhold, Dr. Klaus"]
[Result "0-1"]
[WhiteElo "1777"]
[BlackElo "1957"]
[PlyCount "30"]
[EventDate "2013.??.??"]
[WhiteTeam "TSV Hessenstein"]
[BlackTeam "SC Gronau 1920 e.V."]

1. e4 e5 2. Nc3 Nf6 3. Nf3 Nc6 4. d4 exd4 5. Nxd4 Bb4 6. f3 O-O 7. Nxc6 bxc6 8.
Bd2 d5 9. Bd3 Bxc3 10. Bxc3 dxe4 11. Bxf6 Qxf6 12. Bxe4 Ba6 13. c3 Rad8 14. Qc2
Qf4 15. Qf2 Rfe8 0-1

[Event "Offene Hessische Senioren Einzelmeisters"]
[Site "Bad Sooden- Allendorf"]
[Date "2013.04.27"]
[Round "8.34"]
[White "Noblé, Alexander"]
[Black "Hentzschel, Erhard"]
[Result "1-0"]
[WhiteElo "1907"]
[BlackElo "1723"]
[PlyCount "53"]
[EventDate "2013.??.??"]
[WhiteTeam "SC Bad Nauheim"]
[BlackTeam "Peiner SV"]

1. c4 e5 2. Nc3 c6 3. Nf3 d6 4. d4 exd4 5. Qxd4 Qf6 6. e4 Qxd4 7. Nxd4 Nd7 8.
Be2 g6 9. Be3 Nc5 10. O-O Nf6 11. f3 Ne6 12. Rfd1 Be7 13. Nb3 O-O 14. Rd2 Rd8
15. Rad1 Ne8 16. g4 Bg5 17. Bxg5 Nxg5 18. c5 Nh3+ 19. Kf1 Nf4 20. cxd6 Be6 21.
Nc5 b6 22. Nxe6 Nxe6 23. Bc4 Nf6 24. Bxe6 fxe6 25. e5 Nd5 26. Nxd5 cxd5 27. Rc1
1-0

[Event "Offene Hessische Senioren Einzelmeisters"]
[Site "Bad Sooden- Allendorf"]
[Date "2013.04.27"]
[Round "8.35"]
[White "Ditmas, Hugh"]
[Black "Jauch, Dieter"]
[Result "1-0"]
[WhiteElo "1902"]
[BlackElo "1756"]
[PlyCount "47"]
[EventDate "2013.??.??"]
[WhiteTeam "Bremer SG von 1877"]
[BlackTeam "SK Bietigheim-Bissingen"]

1. d4 f5 2. Nc3 d6 3. e4 fxe4 4. Nxe4 Nf6 5. Nxf6+ exf6 6. Bd3 Be7 7. Ne2 Bd7
8. O-O d5 9. Re1 Bd6 10. Ng3+ Kf8 11. Nf5 Bxf5 12. Bxf5 c6 13. Qf3 Na6 14. Bf4
Bxf4 15. Qxf4 Qc7 16. Qe3 Qd6 17. Re2 Nc7 18. Rae1 Rd8 19. c3 b6 20. Qe7+ Qxe7
21. Rxe7 Nb5 22. Bd7 Nd6 23. Bxc6 Ne4 24. Rxa7 1-0

[Event "Offene Hessische Senioren Einzelmeisters"]
[Site "Bad Sooden- Allendorf"]
[Date "2013.04.27"]
[Round "8.36"]
[White "Paulsen, Eckart"]
[Black "Niebuhr, Gerd"]
[Result "1/2-1/2"]
[WhiteElo "1696"]
[BlackElo "1902"]
[PlyCount "50"]
[EventDate "2013.??.??"]
[WhiteTeam "Post SV Neustadt"]
[BlackTeam "Freibauer Wedemark"]

1. d4 Nf6 2. Nf3 g6 3. Bf4 Bg7 4. e3 O-O 5. Be2 d6 6. h3 b6 7. O-O Bb7 8. c4
Nbd7 9. Nc3 a6 10. Qc2 Nh5 11. Bh2 f5 12. Ng5 Rf6 13. Bxh5 gxh5 14. d5 Nf8 15.
Qe2 h6 16. Nf3 e5 17. e4 Ng6 18. exf5 Rxf5 19. Ne4 Nf4 20. Bxf4 Rxf4 21. g3 Rf7
22. Nh4 Bc8 23. Kg2 Bf5 24. Rae1 Qd7 25. Nxf5 Rxf5 1/2-1/2

[Event "Offene Hessische Senioren Einzelmeisters"]
[Site "Bad Sooden- Allendorf"]
[Date "2013.04.27"]
[Round "8.37"]
[White "Zwanepol, Johan"]
[Black "Mertens, Gottfried"]
[Result "1-0"]
[WhiteElo "1884"]
[BlackElo "1721"]
[PlyCount "61"]
[EventDate "2013.??.??"]
[BlackTeam "SK Weinheim 1911 e.V."]

1. d4 f5 2. g3 Nf6 3. Bg2 g6 4. Nh3 Bg7 5. O-O O-O 6. c3 c6 7. Nd2 d6 8. Qb3+
Kh8 9. Nf3 Na6 10. Nhg5 Qe8 11. Ne1 Nc7 12. Nd3 h6 13. Nf3 Rb8 14. Re1 Be6 15.
Qc2 Ne4 16. Nd2 Nxd2 17. Bxd2 Bg8 18. Qc1 Kh7 19. e4 fxe4 20. Bxe4 Bd5 21. Bf4
Bxe4 22. Rxe4 Nd5 23. Bxd6 Rd8 24. Be5 Nf6 25. Re2 Qf7 26. Qc2 Ng4 27. Bxg7
Kxg7 28. Rae1 Rd7 29. h3 Nf6 30. Ne5 Qxa2 31. Qxg6+ 1-0

[Event "Offene Hessische Senioren Einzelmeisters"]
[Site "Bad Sooden- Allendorf"]
[Date "2013.04.27"]
[Round "8.38"]
[White "Berger, Eduard"]
[Black "Bachmann, Rolf"]
[Result "0-1"]
[WhiteElo "1637"]
[BlackElo "1881"]
[Annotator ",Microsoft"]
[PlyCount "96"]
[EventDate "2013.??.??"]
[WhiteTeam "SK Stadtallendorf"]
[BlackTeam "SVigung Hamm"]

1. e4 c5 2. Nf3 Nc6 3. d4 cxd4 4. Nxd4 d6 5. Nc3 Nf6 6. Bg5 e6 7. Qd2 Be7 8.
O-O-O O-O 9. Nxc6 bxc6 10. Bxf6 Bxf6 11. Qxd6 Qb6 12. Qd2 Rb8 13. b3 Qa5 14.
Na4 Bg5 15. f4 Qxd2+ 16. Kxd2 Bxf4+ 17. Ke1 Bc7 18. Bc4 g6 19. Ke2 Kg7 20. h3
f5 21. Nc5 Kf6 22. Nd7+ Bxd7 23. Rxd7 Rf7 24. Rhd1 Re7 25. g4 Rbe8 26. Kf3
fxg4+ 27. Kxg4 h6 28. Rf1+ Kg7 29. Rfd1 Kf6 30. b4 Bb6 31. a4 h5+ 32. Kf3 Ke5
33. Rxe7 Rxe7 34. Rf1 Kd4 35. Bd3 Rf7+ 36. Kg2 Rxf1 37. Kxf1 g5 38. Ke2 $11 g4
39. hxg4 hxg4 40. c3+ Kxc3 41. a5 Bc7 42. Ba6 Kxb4 43. Bc8 Kxa5 44. Bxe6 g3 45.
Bh3 Kb4 46. Kd3 c5 47. Kc2 c4 48. Bg2 Be5 0-1